Geography Starter - Carbon Cycle - Statistics

General Stats
  • This quiz has been taken 11 times
  • The average score is 3 of 8
Answer Stats
Hint Answer % Correct
Main Element responsible for organic life on Earth. Carbon
100%
The percentage of carbon which is stored underground on earth 99
50%
Type of rock, often contain carbon in the form of Calcium Carbonate. Sedimentary
50%
Store of carbon which involves living and dead organisms Biosphere
30%
Oceanic organisms which uptake carbon dioxide and convert it to sugars via photosynthesis. Phytoplankton
30%
Term which refers to the combined, biological, geological and chemical Carbon Cycle Biogeochemical
20%
The storage or removal of carbon from the atmosphere. Sequestration
20%
Name of the process which is responsible for global oceanic current and the mass movement of carbon and nutrients. Thermohaline circulation
20%
No matching quizzes found
Score Distribution
Percent of People with Each Score
Percentile by Number Answered
Your Score History
You have not taken this quiz